00750 2200241 4500001002100000005001500021035002000036007000300056008004100059020002200100082000800122084001400130100002200144245014800166250001700314260003400331300003900365650003000404650001900434700002600453505001200479990001700491INLIS00000000001000220260513102404 a0010-0526000034ta260513 g 0 ind  a978-602-7816-58-9 a610 a610 COL r0 aColin Campbell T.1 aRahasia Sehat Orang China :bBerdasarkan "The China Study", Penelitian Kesehatan Paling Komprehensif yang Pernah Dilakukan /cT. Colin Campbell a1, Cet. Ke-1 aJakarta :bNoura Books,c2013 axx, 445 hlm :bilus. ;c19 x 24 cm 4aRahasia Sehat Orang China 4aIlmu Kesehatan0 aThomas M. Campbell II ahlm.445 a202500223302